000 00807nam a22002417a 4500
005 20250501113200.0
008 250501b |||||||| |||| 00| 0 eng d
020 _a978-81-875190-2-4 (hbk)
037 _cTB
040 _aCRL
_cCRL
041 _2eng
_aeng
084 _aV2:19931 R4
_qCRL
100 _aMarwah, Reena
245 _aIndia- Philippines relations:
_b Intersectig interests shared vision and way forward
260 _aNew Delhi, India:
_bKW Publishers,
_c2024.
300 _axiv, 253p.
365 _b1880.00
_cINR
650 _aIndia-Foreign Relations
650 _aIndia- History
650 _aHistory
942 _2CC
_cTB
_hV2:19931 R4
_n0
999 _c1309869
_d1309869